England International Footballers - Statistics

General Stats
  • This quiz has been taken 677 times
    275 since last reset
  • The average score is 178 of 462
Answer Stats
% Correct
Harry Kane
97%
David Beckham
93%
Wayne Rooney
93%
Michael Owen
91%
Bobby Charlton
90%
Frank Lampard
90%
Jack Charlton
90%
Alan Shearer
89%
Colin Bell
89%
Steven Gerrard
89%
Andy Cole
88%
Ashley Cole
88%
Carlton Cole
88%
Joe Cole
88%
David James
86%
Dele Alli
86%
Jordan Pickford
86%
Reece James
86%
Shaun Wright-Phillips
86%
Billy Walker
85%
Des Walker
85%
Kyle Walker
85%
John Terry
84%
Les Ferdinand
84%
Rio Ferdinand
84%
Phil Neville
83%
Billy Wright
82%
Bobby Moore
82%
Gary Neville
82%
Herbert Jones
82%
Ian Wright
82%
Joe Hart
82%
Mark Wright
82%
Phil Jones
82%
Rob Jones
82%
Tommy Wright
82%
Paul Scholes
81%
Ernie Hart
80%
Steve Stone
80%
Bukayo Saka
79%
Gary Lineker
79%
Tony Adams
79%
David Seaman
78%
Gordon Hill
78%
Jack Hill
78%
Jordan Henderson
78%
Phil Foden
77%
Raheem Sterling
77%
Alan Smith
76%
Bobby Smith
76%
Declan Rice
76%
Fred Kean
76%
G.O. Smith
76%
Lionel Smith
76%
Peter Shilton
76%
Harry Maguire
74%
Adam Johnson
73%
Andrew Johnson
73%
Austen Campbell
73%
David Johnson
73%
Glen Johnson
73%
Harry Johnson
73%
John Barnes
73%
Jude Bellingham
73%
Kalvin Phillips
73%
Kevin Phillips
73%
Sol Campbell
73%
Jamie Vardy
72%
Bryan Robson
71%
Ledley King
71%
Peter Barnes
71%
Peter Crouch
71%
Bobby Robson
70%
Carlton Palmer
70%
Cole Palmer
70%
Jack Grealish
70%
John Stones
70%
Marcus Rashford
70%
Jimmy Greaves
69%
Callum Wilson
68%
George Wilson
68%
Gordon Banks
68%
Luke Shaw
68%
Ollie Watkins
68%
Ray Wilson
68%
Tommy Banks
68%
Geoff Hurst
67%
Paul Gascoigne
67%
Trent Alexander-Arnold
67%
Nicky Butt
66%
Emile Heskey
65%
George Brown
65%
George Green
65%
Jack Brown
65%
Kieran Trippier
65%
Robert Green
65%
Teddy Sheringham
65%
Wes Brown
65%
Jack Robinson
64%
Paul Robinson
64%
Jermain Defoe
63%
Martin Peters
63%
Stuart Pearce
62%
Theo Walcott
62%
Alan Ball
61%
Stanley Matthews
61%
Daniel Sturridge
60%
Jesse Lingard
60%
Nobby Stiles
60%
Chris Waddle
59%
Eric Dier
59%
Francis Lee
59%
Glenn Hoddle
59%
James Ward-Prowse
59%
Kieron Dyer
59%
Paul Parker
59%
Rob Lee
59%
Sammy Lee
59%
Scott Parker
59%
Alf Young
58%
Ashley Young
58%
Danny Welbeck
58%
Gary Cahill
58%
Kerry Dixon
58%
Lee Dixon
58%
Luke Young
58%
Martin Keown
58%
Steve McManaman
58%
Trevor Steven
58%
Viv Anderson
58%
Kevin Keegan
57%
Paul Ince
57%
Robbie Fowler
57%
Emlyn Hughes
56%
Gareth Southgate
55%
Peter Beardsley
55%
Ray Wilkins
55%
Terry Butcher
55%
Danny Rose
54%
Gary Stevens
54%
Jamie Carragher
54%
Peter Reid
53%
Ted Taylor
53%
Tommy Taylor
53%
Danny Mills
52%
Eric Brook
52%
Gareth Barry
52%
Gordon Milne
52%
Mick Mills
52%
Nick Pope
52%
Chris Woods
51%
Darren Anderton
51%
Gerry Francis
51%
Kenny Sansom
51%
Marc Guéhi
51%
Micah Richards
51%
Roger Hunt
51%
Trevor Francis
51%
Alex Oxlade-Chamberlain
50%
Dave Thomas
50%
Dominic Calvert-Lewin
50%
Geoff Thomas
50%
Jamie Redknapp
50%
Michael Carrick
50%
Phil Neal
50%
Ray Clemence
50%
Dave Watson
49%
David Watson
49%
Phil Jagielka
49%
Bobby Thomson
48%
David Batty
48%
David Platt
48%
Jack Wilshere
48%
Laurie Scott
48%
Mason Mount
48%
Peter Thompson
48%
Phil Thompson
48%
Darren Bent
47%
Gary Pallister
47%
Leighton Baines
47%
Nigel Martyn
47%
Ben Chilwell
46%
Bert Williams
46%
Billy Williams
46%
Kobbie Mainoo
46%
Ron Flowers
46%
Steve Williams
46%
Tim Flowers
46%
Trevor Brooking
46%
Chris Smalling
45%
Fraser Forster
45%
Jarrod Bowen
45%
Graeme Le Saux
44%
Jeff Hall
44%
Willie Hall
44%
George Cohen
43%
Jack Hunter
43%
Jadon Sancho
43%
Matt Le Tissier
43%
Norman Hunter
43%
Owen Hargreaves
43%
Wayne Bridge
43%
Ben Foster
42%
Steve Coppell
42%
Neil Webb
41%
Ross Barkley
41%
Steve Hodge
41%
Tom Finney
41%
Allan Clarke
40%
Dennis Wise
40%
Ivan Toney
40%
Dixie Dean
39%
Joe Lofthouse
39%
Nat Lofthouse
39%
Stan Mortensen
39%
Steve Bull
39%
Nigel Clough
38%
Paul Mariner
38%
Tammy Abraham
38%
Adam Lallana
37%
Andy Carroll
37%
Colin McDonald
37%
Eberechi Eze
37%
Graham Roberts
37%
James Milner
37%
Jonathan Woodgate
37%
Kieran Gibbs
37%
Kieran Richardson
37%
Malcolm Macdonald
37%
Michael Keane
37%
Anthony Gordon
36%
Bob Kelly
36%
Duncan Edwards
36%
Mark Hateley
36%
Mick Channon
36%
Tom Cleverley
36%
Willis Edwards
36%
Conor Gallagher
35%
Darius Vassell
35%
Ezri Konsa
35%
Joe Gomez
35%
Martin Chivers
35%
Paul Merson
35%
Tony Woodcock
35%
Trevor Sinclair
35%
Aaron Lennon
34%
Jermaine Jenas
34%
Joleon Lescott
34%
Mark Chamberlain
34%
Matthew Upson
34%
Nick Barmby
34%
Lee Sharpe
33%
Russell Osman
33%
Tyrone Mings
33%
David Jack
32%
Tony Dorigo
32%
Alf Ramsey
31%
Alvin Martin
31%
Jack Butland
31%
Rickie Lambert
31%
Steve McMahon
31%
Terry Cooper
31%
Terry Fenwick
31%
Terry McDermott
31%
Tom Cooper
31%
Peter Bonetti
30%
Ray Parlour
30%
Alan Mullery
29%
Danny Murphy
29%
David Bentley
29%
James Maddison
29%
Nathaniel Clyne
29%
Ray Kennedy
29%
Roy Bentley
29%
George Wall
28%
Harry Johnston
28%
Johnny Haynes
28%
Percy Barton
28%
Stanley Harris
28%
Graham Rix
27%
Jock Simpson
27%
Paul Madeley
27%
Ron Springett
27%
Ruben Loftus-Cheek
27%
Andros Townsend
26%
Andy Sinton
26%
Conor Coady
26%
Don Howe
26%
Kevin Beattie
26%
Eddie Baily
24%
Harry Chambers
24%
Stewart Downing
24%
Bob Latchford
23%
David Rocastle
23%
Lewis Dunk
23%
Norman Bailey
23%
Peter Withe
23%
Tony Currie
23%
Colin Todd
22%
Joe Corrigan
22%
Raich Carter
22%
Stan Pearson
22%
Stuart Pearson
22%
Jimmy Armfield
21%
Ryan Bertrand
21%
Andy Hinchcliffe
20%
Arthur Walters
20%
Laurie Cunningham
20%
Percy Melmoth Walters
20%
Steve Bloomer
20%
Brian Greenhoff
19%
Brian Labone
19%
Fabian Delph
19%
Harry Winks
19%
Keith Newton
19%
Mike Summerbee
19%
Roy McFarland
19%
Tommy Lawton
19%
Dennis Tueart
18%
Gary Mabbutt
18%
Joe Baker
18%
Vivian Woodward
18%
Don Revie
17%
Jonjo Shelvey
17%
Luther Blissett
17%
Warney Cresswell
17%
Dicky Bond
16%
Frank Worthington
16%
Tim Williamson
16%
Joe Royle
15%
Brian Talbot
14%
Eddie Hapgood
14%
Jackie Milburn
14%
Jake Livermore
14%
Jimmy Dickinson
14%
Sammy Crooks
14%
Tony Daley
14%
Gordon Cowans
13%
Neil Franklin
13%
Tony Cottee
13%
Wilf Mannion
13%
Jimmy Forrest
12%
Peter Swan
12%
Rodney Marsh
12%
Alf Shelton
11%
Ben Warren
11%
Bob Crompton
11%
Charles Bambridge
11%
Dennis Wilshaw
11%
George Eastham
11%
Ivor Broadis
11%
Jack Barker
11%
Jack Rowley
11%
Ronnie Clayton
11%
Alan Devonshire
10%
Edgar Chadwick
10%
Frank Forman
10%
John Goodall
10%
John Gregory
10%
Ken Willingham
10%
Maurice Norman
10%
Mick McNeil
10%
Roy Goodall
10%
Sam Hardy
10%
Terry Paine
10%
Vic Woodley
10%
Billy Moon
9%
Bryan Douglas
9%
Fred Dewhurst
9%
George Holley
9%
George Male
9%
Joe Bradford
9%
John Aston
9%
John Connelly
9%
Johnny Byrne
9%
Roger Byrne
9%
Tinsley Lindley
9%
Tony Morley
9%
Arthur Grimsdell
8%
Bill Slater
8%
Bob Holmes
8%
Fred Tunstall
8%
George Hilsdon
8%
Gil Merrick
8%
Herbie Arthur
8%
Jesse Pennington
8%
Joe Bache
8%
Johnny Holt
8%
Peter Broadbent
8%
Steve Whitworth
8%
Andy Ducat
7%
Bobby Langton
7%
Cliff Bastin
7%
Ernie Blenkinsop
7%
Evelyn Lintott
7%
George Hardwick
7%
Gerry Hitchens
7%
Jack Reynolds
7%
Mike Duxbury
7%
Peter Storey
7%
Ron Staniforth
7%
Sam Wadsworth
7%
Ted Ditchburn
7%
Tommy Crawshaw
7%
Colin Veitch
6%
Eddie Hopkinson
6%
Eric Houghton
6%
Ernest Needham
6%
Freddie Steele
6%
Harold Fleming
6%
Henry Cockburn
6%
Howard Spencer
6%
Jack Crayston
6%
Jackie Sewell
6%
Jimmy Crabtree
6%
Jock Rutherford
6%
Stan Cullis
6%
Wilf Copping
6%
Alan Peacock
5%
Billy Wedlock
5%
Charlie Buchan
5%
Ernie Hine
5%
Frank Broome
5%
Frank Swift
5%
Jack Froggatt
5%
Jimmy Seddon
5%
Jimmy Windridge
5%
Joe Hulme
5%
Len Goulden
5%
Ray Bowden
5%
Ray Westwood
5%
Stuart Macrae
5%
Bill Eckersley
4%
Charlie Athersmith
4%
Fred Spiksley
4%
Jackie Bray
4%
Jimmy Settle
4%
John Atyeo
4%
Nevill Cobbold
4%
Billy Bassett
3%
George Camsell
3%
Harry Hibbs
3%
Les Medley
3%
Albemarle Swepstone
2%
Alfred Strange
2%
Arthur Cursham
2%
Derek Kevan
2%
Harry Cursham
2%
Jimmy Mullen
2%
Louis Page
2%
Ted Hufton
2%
William Oakley
2%
Arthur Bridgett
1%
Bert Sproston
1%
Cliff Britton
1%
Jimmy Ruffell
1%
Sam Chedgzoy
1%
Billy Mosforth
0%
Colin Grainger
0%
Dennis Hodgetts
0%
No matching quizzes found
Score Distribution
Percent of People with Each Score
Percentile by Number Answered
Your Score History
You have not taken this quiz since the last reset